Pokémon - Conseil 4 - Lucio (DE/PS) - Statistiques

Statistiques générales
  • Ce quiz a été pris 6 fois
  • Le résultat moyen est 70 sur 90
Statistiques - réponses
Hint Réponse % Correct
Niv 59
100%
Niv 59
100%
Niv 60
100%
Niv 60
100%
Niv 63
100%
Niv (Combat 2) 69
100%
Niv (Combat 2) 70
100%
Niv 71
100%
Niv (Combat 2) 72
100%
Niv 75
100%
Niv (Combat 3) 79
100%
Niv (Combat 3) 80
100%
Niv (Combat 3) 81
100%
Niv (Combat 3) 82
100%
Niv 82
100%
Niv (Combat 3) 85
100%
Type Acier
100%
Archéodong
100%
Capacités Ball'Ombre
100%
Capacités Close Combat
100%
Type Combat
100%
Type Combat
100%
Capacités Coupe Psycho
100%
Type Eau
100%
Capacités Ébullition
100%
Type Fée
100%
Flagadoss
100%
Gallame
100%
Girafarig
100%
Capacités Lance-Flammes
100%
Mentali
100%
M. Mime
100%
Type Normal
100%
Objet Orbe Vie
100%
Capacités Paresse
100%
Capacités Poing Éclair
100%
Capacités Poing Glace
100%
Type Psy
100%
Type Psy
100%
Type Psy
100%
Type Psy
100%
Type Psy
100%
Type Psy
100%
Type Psy
100%
Type Psy
100%
Type Psy
100%
Capacités Psyko
100%
Capacités Psyko
100%
Capacités Psyko
100%
Capacités Psyko
100%
Capacités Psyko
100%
Capacités Séisme
100%
Capacités Tonnerre
100%
Alakazam
67%
Objet Baie Sitrus
67%
Objet Baie Sitrus
67%
Charmina
67%
Talent Cœur Noble
67%
Capacités Direct Toxik
67%
Capacité (Revanches, remplace 4) Éboulement
67%
Capacités Éclat Magique
67%
Capacité (Revanches, remplace 3) Éclat Magique
67%
Capacités Éclat Magique
67%
Talent Force Pure
67%
Capacités Gyroballe
67%
Talent Lévitation
67%
Capacités Mur Lumière
67%
Capacités Mur Lumière
67%
Capacités Mur Lumière
67%
Capacités Ombre Portée
67%
Capacités Pied Voltige
67%
Capacités Prescience
67%
Capacités Protection
67%
Capacités Psykoud'Boul
67%
Talent Régé-Force
67%
Objet Bandeau Muscle
33%
Objet (Revanches) Bandeau Muscle
33%
Objet Lumargile
33%
Capacités Machination
33%
Talent Miroir Magik
33%
Capacités Onde de Choc
33%
Objet Restes
33%
Capacités Distorsion
0%
Capacités Distorsion
0%
Talent Filtre
0%
Talent Garde Magik
0%
Objet Herbe Mental
0%
Objet Herbe Mental
0%
Talent Herbivore
0%
Capacités Représailles
0%
Aucun quiz correspondant
Distribution des résultats
% des personnes avec chaque résultat
Percentile par nombre de réponses
Votre historique - résultats
Vous n’avez pas pris ce quiz